Sociología de las organizaciones
Guardat en:
| Autor principal: | |
|---|---|
| Format: | Llibre |
| Idioma: | espanyol |
| Publicat: |
Madrid
McGraw-Hill
1991
|
| Edició: | 3a. ed |
| Matèries: | |
| Etiquetes: |
Afegir etiqueta
Sense etiquetes, Sigues el primer a etiquetar aquest registre!
|
MARC
| LEADER | 00000nam a2200000 a 4500 | ||
|---|---|---|---|
| 001 | UCZ5534 | ||
| 003 | CL-VaPUC | ||
| 008 | 951123e19910000SP |||||||||||||||||spa|d | ||
| 082 | 0 | 4 | |a 306.36 |b PER |2 21 |
| 100 | 0 | |a Perrow, Charles N |e author |9 349602 | |
| 245 | 1 | 0 | |a Sociología de las organizaciones |
| 250 | |a 3a. ed | ||
| 300 | |a 369 p | ||
| 942 | |c BK | ||
| 945 | |d 19951123 00:00:00 |a rleighto | ||
| 260 | |a Madrid |b McGraw-Hill |c 1991 | ||
| 650 | 0 | |a Sociología |9 255410 | |
| 650 | 0 | |a Relaciones humanas |9 307340 | |
| 650 | 0 | |a Burocracia |9 255511 | |
| 650 | 0 | |a Organizaciones |9 337993 | |
| 650 | 7 | |a INDUSTRIA |2 CL-VaPUC |9 315110 | |
| 650 | 0 | |a Economía |9 255568 | |
| 650 | 0 | |a Tecnología |9 256742 | |
| 650 | 0 | |a Toma de decisiones |9 257530 | |
| 583 | |a last modification |c 19951123 00:00:00 |k Rodrigo Vera | ||
| 999 | |c 241833 |d 241831 | ||
| 952 | |0 0 |1 0 |4 0 |6 306_360000000000000_PER_1991 |7 0 |8 A |9 254334 |a BIBGIM |b BIBGIM |d 2019-11-19 |i 3155498 |o 306.36 PER 1991 |p 3155498 |r 2025-01-15 |w 2019-11-19 |y BK |k COM | ||